| 000 | 00563nam a2200217Ia 4500 | ||
|---|---|---|---|
| 003 | 0100 | ||
| 008 | 130227s9999 xx 000 0 und d | ||
| 040 | _cARRUPELIB | ||
| 050 | _aB491.L3M57 | ||
| 100 | _aModrak, Deborah K.W. | ||
| 245 | _aAristotle's theory of language and meaning | ||
| 260 | _aCambridge | ||
| 260 | _bCambridge University Press | ||
| 260 | _C2000 | ||
| 300 | _a302p. | ||
| 300 | _b 23 cm | ||
| 650 | _bChurch and the world | ||
| 650 | _cChristianity and culture | ||
| 650 | _dChristian ethics--Methodist authors | ||
| 942 |
_2lcc _01 |
||
| 999 |
_c2245 _d2245 |
||